000 nam a22 7a 4500
999 _c248
_d248
005 20170427171232.0
008 170427b2006 MY ||||| |||| 00| 0 eng d
020 _a9677008943
040 _aAKMAL
082 _a354.595062 MAL
090 _a354.595062
_bMAL
245 _aARAHAN PERBENDAHARAAN BAB "A" - BAB "C"
300 _c24cm
650 _aundang_undang malaysia
_9554
942 _2ddc
_cBOOK